000 00789nam a22002177a 4500
005 20240530110532.0
008 160319s2012 ua g 000 0dara d
017 _a2012/2233
_bمصر . دار الكتب المصرية
020 _a9789774901565
040 _aEG-CaGPL
082 0 4 _221
_a962.081
_bق/ش م
100 0 _aشريف يونس .
245 1 0 _aمسارات الثورة :
_bرؤية تحليلية ديمقراطية جذرية /
_cشريف يونس .
250 _aط1.
260 _aالقاهرة :
_bدار العين للنشر ،
_c2012 .
300 _a213 ص ؛
_c24 سم .
651 0 4 _aمصر
_xتاريخ
_yثورة 25 يناير .
651 0 4 _aمصر
_xالاحوال السياسية .
942 _2ddc
_cBK
999 _c62101
_d62101